00456nam a2200121Ia 4500008004100000024006000041082001800101100008300119245004100202260002600243600003200269650003300301260210s9999 xx 000 0 und d a98A-002-CS, 98A-030-CS, 98A-015-CS & 98A-011-CS a004.64072 ALI aAli Akbar, Aqeel Farooqi, Syed Zulfiqar Ahmed & Mohammad Emad Ullah Sharif 0aOffsite Monitoring & Controlling aKarachi:bUITU,c1998 aComputer System Engineering aBachelor of Engineering (BE)